Norma para la instalación de sistemas de rociadores : NFPA 13

Gespeichert in:
Bibliographische Detailangaben
Körperschaft: American National Standards Institute
Format: Buch
Veröffentlicht: México : Instituto Nacional de Protección Contra Incendio 1994
Schlagworte:
Tags: Tag hinzufügen
Keine Tags, Fügen Sie den ersten Tag hinzu!

MARC

LEADER 00000nam a2200000Ia 4500
003 000017
005 20221231144017.0
008 140114s1994 mx a 000 ||s d
040 |c cru CEDI 
082 |a 628.925.2 N277i 
110 |9 18778  |a American National Standards Institute  
245 |a Norma para la instalación de sistemas de rociadores : NFPA 13  
246 |a NFPA 13 Instalación de sistemas de rociadores  
246 |a Instalación de sistemas de rociadores  
260 |a México : Instituto Nacional de Protección Contra Incendio   |c 1994 
300 |a 124 hojas ; ilustraciones  
500 |a Título original: Installation of Sprinkler Systems-Título de la cubierta: NFPA 13 Instalación de sistemas de rociadores. Edicion 1994 
650 |x ASPERSORES PARA INCENDIOS   |x EXTINCION DE INCENDIOS   |x  EQUIPO Y ACCESORIOS   |x NORMAS  |9 18779 
942 |2 ddc  |c BK 
999 |c 15574  |d 15574